<Das> politisch-ökonomische Absatzkanalmodell. Theorie und Anwendung, dargestellt am Beispiel der Vermarktung von Zitrusfrüchten aus der Algarve in Portugal.

Spojenie dvoch hľadísk: ekonomického a správanie pri tvorbe modelu odbytového kanálu. Ekonomické, politické a behaviorálne komponenty modelu. Odbytový kanál ako sociálny systém. Aplikácia politicko-ekonomického princípu na empirický príklad výrobného a odbytového systému citrusového ovocia.

Saved in:
Bibliographic Details
Main Author: Hörmann, D.M
Format: Book Chapter
Language:German
Subjects:
Tags: Add Tag
No Tags, Be the first to tag this record!

MARC

LEADER 00000naa a2200000 4500
001 r012161
005 20220826094518.5
041 0 |a ger 
044 |a DE 
245 1 0 |a <Das> politisch-ökonomische Absatzkanalmodell.  |b Theorie und Anwendung, dargestellt am Beispiel der Vermarktung von Zitrusfrüchten aus der Algarve in Portugal.  |c D.M. Hörmann 
520 |a Spojenie dvoch hľadísk: ekonomického a správanie pri tvorbe modelu odbytového kanálu. Ekonomické, politické a behaviorálne komponenty modelu. Odbytový kanál ako sociálny systém. Aplikácia politicko-ekonomického princípu na empirický príklad výrobného a odbytového systému citrusového ovocia. 
610 2 0 |a odbyt 
610 2 0 |a cesty odbytové 
610 2 0 |a modely 
610 2 0 |a ovocie 
610 2 0 |a marketing 
610 2 0 |a ekonómia politická 
610 2 0 |a behaviorizmus 
100 1 |a Hörmann, D.M.